Städte erraten Thüringen - Statistiken

Allgemein
  • Dieses Quiz wurde 59 mal gespielt
  • Das Durchschnittsergebnis liegt bei 11 aus 20
Antwortstatistiken
Hinweis Stadt % Korrekt
Universitätsstadt und Heimatstadt von Carl Zeiss Jena
100%
Altstadt mit berühmten Dom und der Krämerbrücke Erfurt
98%
Wohnort von Schiller und Goethe Weimar
98%
Hier steht die Wartburg Eisenach
86%
Hier wurde das Spiel "Skat" erfunden Altenburg
80%
Zu ihrer Blütezeit war die Stadt Standort der Stoff- und Tuchindustrie Gera
73%
Das barocke Schloss Friedenstein dominiert das Stadtbild Gotha
71%
Zentrum der Spirituosenherstellung (Alkohol) Nordhausen
71%
Wintersportzentrum im Thüringer Wald Oberhof
71%
Hier wurden zur DDR-Zeiten die Simson Mopeds hergestellt Suhl
69%
Kreisstadt des Landkreises Weimarer Land Apolda
53%
Das KFZ-Kennzeichen der Stadt ist LSZ Bad Langensalza
51%
Ehemalige Weltspielwarenstadt Sonneberg
45%
Größte Stadt im Kyffhäusergebirge Sondershausen
35%
Residenz der englischen Nationalmannschaft zur Zeit der EM Blankenhain
31%
Hochburg der Elektroindustrie Sömmerda
31%
Hier steht ein Kirchturm, schiefer als der schiefe Turm von Pisa Bad Frankenhausen/Kyffhäuser
24%
Hier befindet sich eine der ältesten Rennstrecken Deutschlands Schleiz
22%
Höchstgelegenste Stadt Thüringens Neuhaus am Rennweg
6%
Berühmte Grenzstadt zu DDR-Zeiten im Landkreis Saalfeld-Rudolstadt Probstzella
6%
Keine übereinstimmenden Quizze gefunden
Verteilung der Resultate
Anzahl Personen mit jedem Resultat
Perzentil nach korrekt beantworteten Fragen
Ihre Resultats-Entwicklung
Sie haben dieses Quiz noch nicht gespielt